| 000 | 00719nam a2200229 i 4500 | ||
|---|---|---|---|
| 001 | bg | ||
| 100 | 1 | _aMOJ, Eryk | |
| 245 | 0 | 0 |
_aPodstawy budownictwa. _nCz. 1 / _cEryk Moj, Marek Śliwiński ; Politechnika Krakowska im. T. Kościuszki. |
| 250 | _aWyd. 3. | ||
| 260 |
_aKraków : _bPK, _c1995. |
||
| 300 |
_a232 s. : _brys. ; _c24 cm. |
||
| 504 | _aBibliogr. s. 59-61, 110-111, 231-232. | ||
| 521 | _aSkrypt dla studentów wyższych szkół technicznych do przedmiotu Budownictwo ogólne. | ||
| 650 | 9 | _aBudownictwo | |
| 655 | _aPodręczniki akademickie | ||
| 700 | 1 | _aŚLIWIŃSKI, Marek | |
| 040 | _cBPK | ||
| 041 | 0 | _apl | |
| 080 | _a69(075.8) | ||
| 942 | _cKS | ||
| 008 | s pl f |000 0 pol | ||
| 999 |
_c24377 _d24377 |
||
| 856 |
_uhttp://koha.tu.koszalin.pl/cgi-bin/koha/opac-detail.pl?biblionumber=24377 _yKatalog online BPK |
||